000 00606nam a2200217 a 4500
001 53767
003 BD-RjUL
005 20211209080022.0
008 161025s1956 enk||||| b||| 001 0 eng d
035 _a(BD-RjUL)53889
040 _aBD-RjUL
_beng
_cBD-RjUL
041 _aeng
082 _223
_a 323.4
_bLAF 1956
100 _a Lamont, Corliss
_9160609
245 _aFreedom is as freedom does /
_c Corliss Lamont
260 _aLondon :
_bJohn Calder,
_cc1956.
300 _axxii, 322 p. ;
_c21 cm.
504 _aIncludes bibliography and index
650 _aCivil rights.
_9160610
942 _2ddc
_cBK
999 _c53767
_d53767